| 000 | 00663nam a2200181Ia 4500 | ||
|---|---|---|---|
| 003 | GCL | ||
| 008 | 140319s9999 xx 000 0 ara d | ||
| 040 |
_aGCL / _cGCL |
||
| 082 | 0 | 4 |
_a913.031 _bب ط |
| 100 | 1 | _aبيبونيه، دنى | |
| 245 | 1 | 0 |
_aالطرائق الموضوعية للتأريخ او قياس الزمن فى الاركيولوجيا وعلم الآثار / _cبيبونيه، دنى |
| 260 |
_aسوريا : _bالمعهد العلمى الفرنسى للدراسات العربية ، _c1988 |
||
| 300 |
_a84 ص ؛ _c28 سم |
||
| 490 |
_a100 قصة _v0 |
||
| 650 | 0 | 4 | _aعلم الاثار |
| 650 | 0 | 4 | _aالتأريخ |
| 942 |
_2ddc _cBK |
||
| 999 |
_c43557 _d43557 |
||